[Event "Regionalliga SO 0708"]
[Site "Bayern"]
[Date "2007.10.21"]
[Round "1.6"]
[White "Von Schmaedel, Clemens"]
[Black "Heigermoser, Robert"]
[Result "0-1"]
[WhiteElo "1906"]
[BlackElo "1975"]
[PlyCount "52"]
[EventDate "2007.10.21"]
[EventType "team-tourn"]
[EventRounds "9"]
[EventCountry "GER"]
[SourceTitle "EXT 2009"]
[Source "ChessBase"]
[SourceDate "2008.11.26"]
[SourceVersion "1"]
[SourceVersionDate "2008.11.26"]
[SourceQuality "1"]
[WhiteTeam "Starnberg"]
[BlackTeam "Pang/Rosenheim II"]
[WhiteTeamCountry "GER"]
[BlackTeamCountry "GER"]

1. d4 Nf6 2. c4 e6 3. Nf3 b6 4. Nc3 Bb4 5. Bg5 h6 6. Bxf6 Qxf6 7. Qb3 c5 8. a3 Ba5 9. d5 Bxc3+ 10. bxc3 0-0 11. e3 Ba6 12. Rd1 exd5 13. cxd5 Bxf1 14. Kxf1 d6 15. c4 Nd7 16. Qd3 Rfe8 17. Ke2 Ne5 18. Nxe5 Rxe5 19. f3 Rae8 20. e4 Qf4 21. Rdf1 f5 22. Qd2 Qh4 23. Kd1 fxe4 24. f4 e3 25. Qe1 e2+ 26. Kc2 exf1Q 0-1

[Event "Landesliga Sued 0607"]
[Site "Bayern"]
[Date "2006.12.10"]
[Round "4.8"]
[White "Von Schmaedel, Clemens"]
[Black "Englert, Jan"]
[Result "0-1"]
[WhiteElo "1966"]
[BlackElo "2035"]
[PlyCount "84"]
[EventDate "2006.10.15"]
[EventType "team-tourn"]
[EventRounds "9"]
[EventCountry "GER"]
[SourceTitle "EXT 2008"]
[Source "ChessBase"]
[SourceDate "2007.11.25"]
[SourceVersion "1"]
[SourceVersionDate "2007.11.25"]
[SourceQuality "1"]
[WhiteTeam "Starnberg"]
[BlackTeam "Garching"]
[WhiteTeamCountry "GER"]
[BlackTeamCountry "GER"]

1. d4 d6 2. Nf3 Bg4 3. c4 Nd7 4. Nc3 Bxf3 5. exf3 g6 6. Be3 Bg7 7. Qd2 h5 8. Bd3 c5 9. d5 Ne5 10. Be2 Nh6 11. 0-0 Nf5 12. Ne4 h4 13. h3 Nd7 14. Rab1 Qc7 15. Rfc1 0-0 16. Ng5 Ne5 17. f4 Nd7 18. Bd3 Nf6 19. Bxf5 gxf5 20. Qd3 Qd7 21. Nf3 Ne4 22. Nxh4 e6 23. Nf3 Qe7 24. Nd2 Nf6 25. Re1 Bh6 26. Nf3 Ne4 27. h4 Kg7 28. Ng5 Bxg5 29. fxg5 Rh8 30. g3 e5 31. Kg2 f6 32. gxf6+ Qxf6 33. f3 Nxg3 34. Bg5 Qg6 35. f4 Ne4 36. Rxe4 fxe4 37. Qh3 Raf8 38. fxe5 Rf5 39. Rg1 Rxg5+ 40. hxg5 Rxh3 41. Kxh3 Qf5+ 42. Kh4 Qxe5 0-1

[Event "Regionalliga SO 0506"]
[Site "Bayern"]
[Date "2006.01.29"]
[Round "6.7"]
[White "Loderbauer, Gerhard"]
[Black "Von Schmaedel, Clemens"]
[Result "1/2-1/2"]
[WhiteElo "1824"]
[BlackElo "1959"]
[PlyCount "90"]
[EventDate "2005.10.23"]
[EventType "team-tourn"]
[EventRounds "9"]
[EventCountry "GER"]
[SourceTitle "EXT 2007"]
[Source "ChessBase"]
[SourceDate "2006.11.23"]
[SourceVersion "1"]
[SourceVersionDate "2006.11.23"]
[SourceQuality "1"]
[WhiteTeam "Passau II"]
[BlackTeam "Starnberg SC"]
[WhiteTeamCountry "GER"]
[BlackTeamCountry "GER"]

1. d4 Nf6 2. c4 e6 3. Nc3 Bb4 4. Qc2 0-0 5. a3 Bxc3+ 6. Qxc3 b6 7. Bg5 h6 8. Bh4 Bb7 9. f3 d5 10. e3 Nbd7 11. cxd5 exd5 12. Bb5 c6 13. Bd3 Re8 14. Bf2 Rc8 15. Ne2 g6 16. 0-0 c5 17. Qd2 Kg7 18. Rac1 a6 19. Bb1 a5 20. Nc3 Bc6 21. Bd3 c4 22. Bb1 b5 23. Rce1 Rb8 24. Bg3 Rb7 25. e4 b4 26. axb4 axb4 27. Nxd5 Nxd5 28. exd5 Bxd5 29. Rxe8 Qxe8 30. Re1 Qd8 31. Be4 Nf8 32. Bxd5 Qxd5 33. Re5 Qd7 34. Rc5 c3 35. bxc3 Ne6 36. Ra5 f6 37. d5 Qd8 38. Ra2 bxc3 39. Qxc3 Qxd5 40. Ra1 h5 41. h4 Nd4 42. Kh2 Ne2 43. Qa5 Qd4 44. Qa6 Rd7 45. Qa4 Nxg3 1/2-1/2

[Event "Regionalliga SO 0506"]
[Site "Bayern"]
[Date "2006.01.15"]
[Round "5.7"]
[White "Von Schmaedel, Clemens"]
[Black "Soergel, Thomas"]
[Result "1-0"]
[WhiteElo "1959"]
[BlackElo "2015"]
[PlyCount "73"]
[EventDate "2005.10.23"]
[EventType "team-tourn"]
[EventRounds "9"]
[EventCountry "GER"]
[SourceTitle "EXT 2007"]
[Source "ChessBase"]
[SourceDate "2006.11.23"]
[SourceVersion "1"]
[SourceVersionDate "2006.11.23"]
[SourceQuality "1"]
[WhiteTeam "Starnberg SC"]
[BlackTeam "Graefelfing SK"]
[WhiteTeamCountry "GER"]
[BlackTeamCountry "GER"]

1. d4 d5 2. c4 e6 3. Nf3 Nf6 4. Bg5 Be7 5. e3 Nbd7 6. Nc3 h6 7. Bh4 Ne4 8. Bxe7 Qxe7 9. Bd3 Nxc3 10. bxc3 dxc4 11. Bxc4 0-0 12. 0-0 e5 13. Qc2 exd4 14. exd4 Qd6 15. Rfe1 b6 16. Ne5 Nxe5 17. Rxe5 Bb7 18. Rae1 Qc6 19. Bd5 Qxd5 20. Rxd5 Bxd5 21. c4 Rfe8 22. Rxe8+ Rxe8 23. f3 Bc6 24. Kf2 g6 25. Qd2 h5 26. Qf4 Rc8 27. Qe5 a5 28. Kg3 Bd7 29. Kh4 Kf8 30. d5 c6 31. d6 Kg8 32. Qe7 Be6 33. d7 Bxd7 34. Qxd7 Rb8 35. Qxc6 Rd8 36. Qxb6 Rc8 37. c5 1-0

[Event "Regionalliga SO 0506"]
[Site "Bayern"]
[Date "2005.12.11"]
[Round "4.7"]
[White "Schuetzhold, Frank"]
[Black "Von Schmaedel, Clemens"]
[Result "1-0"]
[WhiteElo "1794"]
[BlackElo "1959"]
[PlyCount "39"]
[EventDate "2005.10.23"]
[EventType "team-tourn"]
[EventRounds "9"]
[EventCountry "GER"]
[SourceTitle "EXT 2007"]
[Source "ChessBase"]
[SourceDate "2006.11.23"]
[SourceVersion "1"]
[SourceVersionDate "2006.11.23"]
[SourceQuality "1"]
[WhiteTeam "Tegernsee TV II"]
[BlackTeam "Starnberg SC"]
[WhiteTeamCountry "GER"]
[BlackTeamCountry "GER"]

1. b3 Nf6 2. Bb2 e6 3. e3 d5 4. f4 Nbd7 5. Nf3 c5 6. Be2 b6 7. 0-0 Bb7 8. Qe1 Qc7 9. Qg3 Ne4 10. Qe1 a6 11. d3 Nef6 12. Qg3 h5 13. Ne5 Rh7 14. Nd2 Bd6 15. Ndf3 g6 16. Ng5 h4 17. Qf2 Bxe5 18. Bxe5 Nxe5 19. fxe5 Rh5 20. Qxf6 1-0

[Event "Regionalliga SO 0506"]
[Site "Bayern"]
[Date "2005.10.23"]
[Round "1.6"]
[White "Von Schmaedel, Clemens"]
[Black "Steinberg, Sven"]
[Result "1-0"]
[WhiteElo "1959"]
[BlackElo "1941"]
[PlyCount "81"]
[EventDate "2005.10.23"]
[EventType "team-tourn"]
[EventRounds "9"]
[EventCountry "GER"]
[SourceTitle "EXT 2007"]
[Source "ChessBase"]
[SourceDate "2006.11.23"]
[SourceVersion "1"]
[SourceVersionDate "2006.11.23"]
[SourceQuality "1"]
[WhiteTeam "Starnberg SC"]
[BlackTeam "Trostberg TSV"]
[WhiteTeamCountry "GER"]
[BlackTeamCountry "GER"]

1. d4 Nf6 2. c4 e5 3. dxe5 Ng4 4. Nf3 Bc5 5. e3 Nc6 6. Be2 Ngxe5 7. Nxe5 Nxe5 8. 0-0 0-0 9. Bd2 a5 10. Bc3 Re8 11. Nd2 d6 12. Nf3 Bf5 13. Nxe5 dxe5 14. Qxd8 Rexd8 15. Bxe5 Rd2 16. Bf3 c6 17. Bc3 Rd3 18. Be2 Rd7 19. Rad1 f6 20. Rxd7 Bxd7 21. Rd1 Bf5 22. Bd4 Be7 23. c5 a4 24. Rc1 Ra5 25. a3 Kf8 26. f3 g5 27. Kf2 Kf7 28. g4 Bd7 29. Bd3 h6 30. Rc4 Be6 31. Rc3 Kf8 32. Kg3 Bd8 33. f4 Ke7 34. Rc1 Bc7 35. Kf3 Ra8 36. h4 Rg8 37. hxg5 hxg5 38. f5 Bf7 39. Rh1 Rf8 40. Rh7 Bd8 41. Bc2 1-0